00577nam a2200169Ia 4500008004000000082001500040100004000055245004400095250000500139260006100144300001200205650002500217690002500242906001100267999001700278952011200295210210b1973 xxu||||| |||| 00| 0 eng d a658.8 GRER aGREEN (Paul E) and TULL (Donald S). aResearch for marketing decisions. Ed 2. a aNew Delhi.bPrentice-Hall of India Private Limitedc1973 axii,644 aMarketing Research  aMarketing Management a033601 c84470d84470 00102ddc4070aALbALcSSSd2021-02-17g25.00l0o658.8 GRERp033601r2021-02-17 00:00:00w2021-02-17yBK